Statistics for World cup 1994 teams

Click here to take the quiz!

General Stats

  • This quiz has been taken 517 times
  • The average score is 21 of 24

Answer Stats

Hint Answer % Correct
GROUP AUnited States
99%
GROUP BBrazil
98%
GROUP DArgentina
98%
GROUP EItaly
96%
GROUP BSweden
94%
GROUP CGermany
94%
GROUP EMexico
94%
GROUP CSpain
93%
GROUP AColombia
92%
GROUP BRussia
89%
GROUP FNetherlands
88%
GROUP BCameroon
88%
GROUP DNigeria
87%
GROUP DBulgaria
87%
GROUP CSouth Korea
87%
GROUP FBelgium
84%
GROUP EIreland
82%
GROUP ENorway
81%
GROUP ARomania
81%
GROUP DGreece
80%
GROUP ASwitzerland
79%
GROUP FSaudi Arabia
78%
GROUP CBolivia
68%
GROUP FMorocco
67%

Score Distribution

Percentile by Number Answered

Percent of People with Each Score

Your Score History

You have not taken this quiz